000 00632nam a2200229Ia 4500
003 OSt
005 20220924151539.0
006 a|||||r|||| 00| 0
007 ta
008 220923b |||||||| |||| 00| 0 ara d
024 _a338137
037 _cTextual
040 _aARTS
_cARTS
_bara
041 _2ara
_aara
082 _aO28,3:g, M3
100 _aHawari Ahmad Ibraheem Au.
_9224450
245 0 _aMasadur naqadaddawaya fi al-adabul arbi al-hadees fi Misr
260 _c1983
650 _aARABIC FICTION
_964594
942 _hO28,3:g, M3
_cTEXL
_2CC
999 _c466925
_d466925